Name all World's Fairs/ Universal Exhibitions Locations - Statistics

General Stats
  • This quiz has been taken 7 times
  • The average score is 23 of 37
Answer Stats
Exhibition Name Year City % Correct
Great Exhibition 1851 London
100%
1862 International Exhibition 1862 London
100%
Exposition Universelle 1855 Paris
100%
Exposition Universelle 1867 Paris
100%
Exposition Universelle 1878 Paris
100%
Exposition Universelle 1889 Paris
100%
Exposition Universelle 1900 Paris
100%
Exposition Internationale des Arts et Techniques dans la Vie Moderne 1937 Paris
100%
1939 ___ ____ World's Fair 1939 New York City
86%
Louisiana Purchase Exposition 1904 St. Louis
86%
________ International 1897 Brussels
71%
________ 1910 Brussels
71%
________ International Exposition 1935 Brussels
71%
Expo '58 1958 Brussels
71%
Expo 2020 2020 Dubai
71%
Exposición Universal de _________ 1888 Barcelona
57%
1929 _________ International Exposition 1929 Barcelona
57%
World's Columbian Exposition 1893 Chicago
57%
Century of Progress 1933-1934 Chicago
57%
________ International Exposition 1880 Melbourne
57%
Expo 67 1967 Montreal
57%
Expo '70 1970 Osaka
57%
Expo 2025 2025 Osaka
57%
Panama-Pacific International Exposition 1915 San Francisco
57%
Weltausstellung 1873 Vienna
57%
Exposition Universelle et Internationale 1913 Ghent
43%
_____ International 1905 Liège
43%
_____ International 1906 Milan
43%
Expo 2015 2015 Milan
43%
Centennial Exposition 1876 Philadelphia
43%
Exposition Internationale du Bicentenaire de ____-__-______ 1949-1950 Port-au-Prince
43%
Panama-California Exposition 1915-1917 San Diego
43%
Expo 2010 2010 Shanghai
43%
Expo 2000 2000 Hanover
29%
_______ Expo '92 1992 Seville
29%
Expo 2005 2005 Aichi
14%
Century 21 Exposition 1962 Seattle
14%
No matching quizzes found
Score Distribution
Percent of People with Each Score
Percentile by Number Answered
Your Score History
You have not taken this quiz